000 00422nam a2200157Ia 4500
003 GCL
008 140319s9999 xx 000 0 eng d
040 _aGCL /
_cGCL
082 0 4 _a428
_bT F
100 1 _aTOMALIN, BARRY
245 1 0 _aFOLLOW ME /
_cTOMALIN, BARRY
260 _a[S.N] :
_bB.B.C. ENGLISH BY RADIO & TELEVISION ،
_c1995
650 0 4 _aENGLISH LANGUAGE
650 0 4 _aENGLISH LANGUAGE STYLE
942 _2ddc
_cBK
999 _c15634
_d15634